MCSE SQL Server 6.5 : Quản trị và điều hành /
Cài đặt và nâng cấp hệ phục vụ. Tích hợp SQL Server với các công nghệ và các ứng dụng khác. Điều hành CSDL toàn xí nghiệp. Quản trị kho lưu trữ CSDL. Quản trị tài khoản người dùng. Quản trị các quyền...
Bewaard in:
| Hoofdauteur: | |
|---|---|
| Andere auteurs: | , |
| Formaat: | Boek |
| Taal: | Vietnamese |
| Gepubliceerd in: |
Hà Nội :
Giáo dục,
1998.
|
| Onderwerpen: | |
| Tags: |
Voeg label toe
Geen labels, Wees de eerste die dit record labelt!
|
| Thư viện lưu trữ: | Mạng thư viện Đại học Đà Nẵng |
|---|
| LEADER | 01276cam a2200373 i 4500 | ||
|---|---|---|---|
| 001 | 000043107 | ||
| 003 | 982 | ||
| 005 | 20030916092945.0 | ||
| 008 | 010217b1998 vm 000 vie | ||
| 022 | |a T | ||
| 040 | |a IRC |c IRC |d IRC | ||
| 041 | 0 | |a vie | |
| 082 | 1 | 4 | |a 005.3 |b NG-T |
| 100 | 1 | |a Nguyễn Tiến. | |
| 245 | 0 | 0 | |a MCSE SQL Server 6.5 : |b Quản trị và điều hành / |c Nguyễn Tiến, Đặng Xuân Hường, Nguyễn Văn Hoài. |
| 260 | |a Hà Nội : |b Giáo dục, |c 1998. | ||
| 300 | |a 711tr. ; |c 20,5cm. | ||
| 520 | 3 | |a Cài đặt và nâng cấp hệ phục vụ. Tích hợp SQL Server với các công nghệ và các ứng dụng khác. Điều hành CSDL toàn xí nghiệp. Quản trị kho lưu trữ CSDL. Quản trị tài khoản người dùng. Quản trị các quyền... | |
| 630 | 0 | 4 | |a Tin học. |
| 630 | 0 | 4 | |a MCSE SQL Serrver. |
| 630 | 0 | 4 | |a Computer programs. |
| 650 | 0 | 4 | |a MCSE SQL Server (Chương trình máy tính) |
| 700 | 1 | |a Nguyễn Văn Hoài. | |
| 700 | 1 | |a Đặng Xuân Hường. | |
| OWN | |a DUT | ||
| 999 | |a From the UDN01 | ||
| TYP | |a Monograph | ||
| TYP | |a Printed language | ||
| 980 | |a Mạng thư viện Đại học Đà Nẵng | ||